Effects of balneotherapy on musculoskeletal disorders with chronic pain

Elmentve itt :
Bibliográfiai részletek
Szerző: Tefner Ildikó
További közreműködők: Bender Tamás (Témavezető)
Dokumentumtípus: Disszertáció
Megjelent: 2014-05-20
Tárgyszavak:
doi:10.14232/phd.2226

mtmt:2781297
Online Access:http://doktori.ek.szte.hu/2226
LEADER 00966nta a2200217 i 4500
001 dokt2226
005 20200406084342.0
008 140513s2014 hu om 0|| eng d
024 7 |a 10.14232/phd.2226  |2 doi 
024 7 |a 2781297  |2 mtmt 
040 |a SZTE Doktori Repozitórium  |b hun 
041 |a eng 
100 1 |a Tefner Ildikó 
245 1 0 |a Effects of balneotherapy on musculoskeletal disorders with chronic pain  |h [elektronikus dokumentum] /  |c  Tefner Ildikó 
246 1 0 |a A balneoterápia hatása krónikus fájdalommal járó mozgásszervi kórképekben  |h [elektronikus dokumentum] 
260 |c 2014-05-20 
502 |a Disszertacio 
650 4 |a klinikai orvostudományok 
700 1 |a Bender Tamás  |e ths 
856 4 0 |u https://doktori.bibl.u-szeged.hu/id/eprint/2226/1/Tefner_Ildiko_PHD%20dolgozat_final_melleklet%20nelkul.pdf  |z Dokumentum-elérés  
856 4 0 |u https://doktori.bibl.u-szeged.hu/id/eprint/2226/2/Tefner_Ildiko_tezisek_final_boritoval.pdf  |z Dokumentum-elérés